SLSP prezentovala zdvojnásobenie zisku
Zvýšenie čerpania úverov klientami v Slovenskej sporiteľni (SLSP) v roku 2003. Nárast pôžičiek a úverov. Pod pozitívny trend v úverovaní obyvateľstva sa podpísal vlaňajší vývoj na domácom hypotekárnom trhu. Dynamika rastu aj v úverovaní právnických osôb. Základné pomerové ukazovatele Slovenskej spor...
Gespeichert in:
| 1. Verfasser: | |
|---|---|
| Format: | Buchkapitel |
| Sprache: | Slowakisch |
| Schlagworte: | |
| Tags: |
Keine Tags, Fügen Sie das erste Tag hinzu!
|
MARC
| LEADER | 00000naa$a2200000$$$4500 | ||
|---|---|---|---|
| 001 | 0006257 | ||
| 005 | 20231009074602.6 | ||
| 041 | 0 | |a slo | |
| 044 | |a SK | ||
| 245 | 1 | 0 | |a SLSP prezentovala zdvojnásobenie zisku |c aut. Martina Kláseková |
| 520 | |a Zvýšenie čerpania úverov klientami v Slovenskej sporiteľni (SLSP) v roku 2003. Nárast pôžičiek a úverov. Pod pozitívny trend v úverovaní obyvateľstva sa podpísal vlaňajší vývoj na domácom hypotekárnom trhu. Dynamika rastu aj v úverovaní právnických osôb. Základné pomerové ukazovatele Slovenskej sporiteľne. | ||
| 610 | 2 | 0 | |a úver |
| 610 | 2 | 0 | |a pôžičky |
| 610 | 2 | 0 | |a obchody úverové |
| 610 | 2 | 0 | |a osoby fyzické |
| 610 | 2 | 0 | |a osoby právnické |
| 610 | 2 | 0 | |a zisk |
| 610 | 2 | 0 | |a Slovenská sporiteľňa |
| 610 | 2 | 0 | |a 2003 |
| 100 | 1 | |a Kláseková, Martina | |